01024nas a2200289 4500001001300000003000900013005001700022007000300039008003400042040005400076041000900130072000800139100002500147100002000172100001800192100001800210100001800228245013300246650001500379650001200394650001300406773008500419909004000504942001800544999001900562952015300581BR2018002138BR-BrBNA20231205131446.0ta230509b bl.|||p| |||| 00| 00por d aBR-BrBNAbporcBiblioteca Nacional de Agricultura a(En) aF701 aCavalcanti, L. de H.1 aBezerra, A.C.C.1 aBarbosa, D.I.1 aLima, V.X. de1 aCosta, A.A.A.1 aMyxomycetes of the Scientific Herbarium Maria Eneyda P.K. Fidalgo (SP): species of Trichiaceae (Myxogastromycetidae, Trichiales) aMIXOMICETO aESPECIE aAMAZONIA0 tHoehnea (Brazil)xISSN 0073-2877 g(Dec 2014), v. 41(4) p. 547-653wBR2018002138 a202311bLúciac55dLúcia Elande 2AGRISn0cANA c254946d254946 002AGRIS4071a41918b41918cPeriódicos Agrícolash(Dec 2014), v. 41(4) p. 547-653l0r2023-11-29t01yCRePortaria Interministerial nº 164/94